The 25 Greatest Boxers of All Time - Statistics

General Stats
  • This quiz has been taken 584 times
  • The average score is 9 of 25
Answer Stats
Rank Clue Boxer % Correct
1 The only three-time Heavyweight World Champion in history Muhammad Ali
95%
23 "Iron" Mike Tyson
92%
16 Holds a record of 49-0, defeating the likes of Oscar de la Hoya, Manny Pacquiao, Ricky Hatton, etc. Floyd Mayweather, Jr.
76%
22 Oldest Heavyweight World Champion George Foreman
73%
2 Regarded by many as the greatest pound-for-pound boxer ever Sugar Ray Robinson
65%
18 Defeated Muhammad Ali in 1971 Joe Frazier
64%
8 The only Heavyweight World Champion to have gone his entire career undefeated Rocky Marciano
60%
3 Remained World Heavyweight champion for 11 years until his retirement, defending it 25 times, a record in any weight division Joe Louis
58%
20 Gold medalist at the 1986 Commonwealth Games and the 1988 Olympics Lennox Lewis
46%
12 The first African American World Heavyweight Champion Jack Johnson
42%
9 World Heavyweight Champion from 1919-19264 Jack Dempsey
38%
11 One of only two boxers with a career spanning 5 decades, along with Jack Johnson Roberto Duran
38%
6 Face Muhammad Ali when he was 45 years old Sonny Liston
37%
10 1976 Olympic Gold medalist Sugar Ray Leonard
24%
4 The only man to hold three different world titles in 3 different divisions at the same time Henry Armstrong
18%
21 Longest reigning Light Heavyweight World Champion Archie Moore
15%
17 "The Mighty Atom" Jimmy Wilde
15%
24 Super Middleweight Champion for over 10 years Joe Calzaghe
15%
5 Two-time World Featherweight Champion Willie Pep
14%
14 "The Pittsburgh Windmill" Harry Greb
11%
13 He never won a World Champion Sam Langford
8%
25 "Michigan Assassin" Stanley Ketchel
8%
15 First African American World Champion Joe Gans
7%
7 Longest reigning Lightweight Champion of all-time Benny Leonard
5%
19 Lightest man in history to challenge for the Light Heavyweight Championship Mickey Walker
3%
No matching quizzes found
Score Distribution
Percent of People with Each Score
Percentile by Number Answered
Your Score History
You have not taken this quiz